| 000 | 01724nam a2200421 c 4500 | ||
|---|---|---|---|
| 003 | BLK | ||
| 005 | 20200306090240.0 | ||
| 008 | 180409b bul|||||r ||||||| ||bul|| | ||
| 010 | _aKNG00137367000 | ||
| 020 |
_a978-954-9493-62-7 _bиздат.: Симолини |
||
| 040 | _aBLK | ||
| 041 |
_aBUL _cBUL |
||
| 072 | 7 |
_2bullib _aН32 _xПолитика Н |
|
| 080 |
_aКорупция _b328.185 _x(497.2) _z328.185(497.2) |
||
| 080 |
_aВръзка на парламента и правителството с обществеността _b328.18 _x(497.2) _z328.18(497.2) |
||
| 080 |
_aФутбол _b796.332 _x(497.2) _z796.332(497.2) |
||
| 100 | 1 |
_aТомов, Александър Трифонов _eпърви автор _9371071 |
|
| 139 |
_aТомов, Александър Трифонов _bТ 70 |
||
| 245 | 1 | 0 |
_aОктопод _bПолит. корупция в България : Заговорът срещу "Кремиковци" и ЦСКА 2007 - 2012 _cАлександър Трифонов Томов. |
| 257 | _aBGR | ||
| 260 |
_аСофия _bСимолини _c2012 _fСофия : Симолини 94 |
||
| 300 |
_a292 с. _bс факс. _c20 см |
||
| 380 | _a3 | ||
| 500 | _aИзд. на Фонд. ХХІ век | ||
| 650 | 4 |
_aКорупция - България _9271870 |
|
| 650 | 4 |
_aПолитически процеси _9318233 |
|
| 653 | _aкорупция | ||
| 653 | _aзаговори | ||
| 653 | _aчуждестранни инвеститори | ||
| 653 | _aКремиковци | ||
| 653 | _aЦСКА | ||
| 659 | _aН | ||
| 852 | _aЦб 257470 | ||
| 856 | 4 |
_qpdf _u |
|
| 856 | 4 |
_qpdf _u |
|
| 942 |
_cKNG _n0 _01 |
||
| 944 |
_aCR _c15.12.2012 _lф / _kГеновева_Генчева |
||
| 944 |
_aED _c09.01.2013 _lф / _k |
||
| 999 |
_c131544 _d131544 |
||